U.S. Cities by Letter - K (Map Quiz) - Statistics

General Stats
  • This quiz has been taken 1,225 times
  • The average score is 8 of 11
Answers on the Map
Answers color-coded by a green-red scale on the quiz's map according to % correct below.
 
Answer Stats
Answer % Correct
Kansas City
97%
Key West
94%
Knoxville
93%
Kahului
89%
Kalamazoo
75%
Kenosha
72%
Kissimmee
70%
Killeen
66%
Kent
62%
Kokomo
54%
Kennewick
47%
No matching quizzes found
Score Distribution
Percent of People with Each Score
Percentile by Number Answered
Your Score History
You have not taken this quiz